Fallout 4 Creatures - Statistics

General Stats
  • This quiz has been taken 347 times
  • The average score is 10 of 18
Answer Stats
Animal Creature % Correct
Scorpion Radscorpion
88%
Crab Mirelurk
86%
Cockroach Radroach
84%
Chameleon Deathclaw
83%
Cow Brahmin
78%
Fly Bloatfly
77%
Deer Radstag
65%
Rat Mole Rat
63%
Bear Yao Guai
63%
Mosquito Bloodbug
57%
Dog Mongrel
51%
Scorpionfly Stingwing
44%
Salamander Gulper
40%
Alligator Gatorclaw
36%
Anglerfish Angler
34%
Worm Bloodworm
33%
Cricket Cave Cricket
24%
Crustacean Fog Crawler
11%
No matching quizzes found
Score Distribution
Percent of People with Each Score
Percentile by Number Answered
Your Score History
You have not taken this quiz